Algunas consideraciones sobre la formación de titulados en tecnologías emergentes (Registro nro. 22606)

Detalles MARC
000 -LEADER
fixed length control field 00434 a2200121 4500
001 - CONTROL NUMBER
control field ART_4723
005 - DATE AND TIME OF LATEST TRANSACTION
control field 20260410161824.0
008 - FIXED-LENGTH DATA ELEMENTS--GENERAL INFORMATION
fixed length control field 260409a
100 1# - MAIN ENTRY--PERSONAL NAME
Personal name Martín-Pereda, J. A.
245 10 - TITLE STATEMENT
Title Algunas consideraciones sobre la formación de titulados en tecnologías emergentes
700 1# - ADDED ENTRY--PERSONAL NAME
Personal name González Marco, Ana
773 0# - HOST ITEM ENTRY
Title Revista de trabajo
Related parts Formación profesional - Año 1, Nº 1 (mar./abr. 1994)
Record control number REV4713

No hay ítems disponibles.